[Event "Koop Tjuchem op"]
[Site "Groningen"]
[Date "1996.??.??"]
[Round "10"]
[White "Levin, Felix"]
[Black "Klovans, Janis"]
[Result "1-0"]
[WhiteElo "2475"]
[BlackElo "2530"]
[PlyCount "67"]
[EventDate "1996.12.20"]
[EventType "swiss"]
[EventRounds "11"]
[EventCountry "NED"]
[SourceTitle "EXT 1998"]
[Source "ChessBase"]
[SourceDate "1997.11.17"]
[SourceVersion "1"]
[SourceVersionDate "1997.11.17"]
[SourceQuality "1"]

1. d4 Nf6 2. c4 e6 3. Nc3 d5 4. cxd5 exd5 5. Bg5 Be7 6. e3 c6 7. Bd3 Nbd7 8.
Qc2 O-O 9. Nf3 Re8 10. h3 Nf8 11. Bf4 Ng6 12. Bh2 Bd6 13. Bxd6 Qxd6 14. O-O-O
b6 15. Kb1 c5 16. dxc5 bxc5 17. Na4 Nd7 18. h4 Bb7 19. h5 Ngf8 20. h6 g6 21.
Bb5 Red8 22. Qc3 f6 23. Qa3 Rac8 24. e4 Ne6 25. exd5 Nf4 26. Qb3 Nxg2 27. Bf1
Nb6 28. Nxb6 axb6 29. Bxg2 Bxd5 30. Qc3 Qc6 31. Ne5 fxe5 32. Rxd5 Rxd5 33. Qc4
Rcd8 34. Rd1 1-0

[Event "Recklinghausen op"]
[Site "Recklinghausen"]
[Date "1999.??.??"]
[Round "4"]
[White "Muse, Mladen"]
[Black "Levin, Felix"]
[Result "0-1"]
[WhiteElo "2470"]
[BlackElo "2530"]
[PlyCount "74"]
[EventDate "1999.??.??"]
[EventType "swiss"]
[EventRounds "9"]
[EventCountry "GER"]
[SourceTitle "EXT 2000"]
[Source "ChessBase"]
[SourceDate "1999.11.16"]
[SourceVersion "1"]
[SourceVersionDate "1999.11.16"]
[SourceQuality "1"]

1. d4 Nf6 2. Nf3 e6 3. e3 d5 4. Bd3 b6 5. O-O Nbd7 6. b3 Bb7 7. Bb2 Ne4 8. c4
Bd6 9. Ne5 Nxe5 10. dxe5 Bc5 11. b4 Nxf2 12. Qf3 Qg5 13. Rxf2 Bxe3 14. Qxf7+
Kd8 15. cxd5 Bxd5 16. Kh1 Bxf2 17. Qxf2 Kd7 18. Nc3 Raf8 19. Qe2 Bb7 20. Be4
Kc8 21. Qc4 Qxe5 22. Nb5 Qf4 23. Bxb7+ Kxb7 24. Nd4 Qe4 25. Rc1 Rf7 26. h3 Rhf8
27. Nxe6 Qxc4 28. Rxc4 Re8 29. Ng5 Rf1+ 30. Kh2 h6 31. Ne4 g5 32. Ng3 Rf4 33.
Rd4 Rf2 34. Bc3 Rxa2 35. Rd7 h5 36. Nxh5 Ree2 37. Kg3 Re3+ 0-1

[Event "Recklinghausen op"]
[Site "Recklinghausen"]
[Date "1999.??.??"]
[Round "7"]
[White "Levin, Felix"]
[Black "Gutman, Lev"]
[Result "1-0"]
[WhiteElo "2530"]
[BlackElo "2470"]
[PlyCount "45"]
[EventDate "1999.??.??"]
[EventType "swiss"]
[EventRounds "9"]
[EventCountry "GER"]
[SourceTitle "EXT 2000"]
[Source "ChessBase"]
[SourceDate "1999.11.16"]
[SourceVersion "1"]
[SourceVersionDate "1999.11.16"]
[SourceQuality "1"]

1. d4 Nf6 2. c4 g6 3. Nc3 Bg7 4. e4 O-O 5. Be2 c6 6. e5 Ne8 7. f4 d6 8. Be3 Bh6
9. Qd2 Ng7 10. g4 dxe5 11. fxe5 Bxe3 12. Qxe3 f6 13. O-O-O fxe5 14. dxe5 Qa5
15. h4 Nd7 16. Nf3 Qc5 17. Qh6 Rxf3 18. Bxf3 Qxe5 19. h5 g5 20. Be4 Nf6 21.
Rhf1 Bxg4 22. Rde1 Qd6 23. Rxf6 1-0

[Event "Lvov Cup of Galychina"]
[Site "Lvov"]
[Date "2001.12.27"]
[Round "10"]
[White "Firman, Nazar"]
[Black "Levin, Felix"]
[Result "0-1"]
[WhiteElo "2494"]
[BlackElo "2531"]
[PlyCount "134"]
[EventDate "2001.12.18"]
[EventType "tourn"]
[EventRounds "11"]
[EventCountry "UKR"]
[EventCategory "11"]
[SourceTitle "CBM 087"]
[Source "ChessBase"]
[SourceDate "2002.03.21"]
[SourceVersion "1"]
[SourceVersionDate "2002.03.21"]
[SourceQuality "1"]

1. e4 e5 2. Nf3 Nc6 3. Bb5 Nf6 4. d3 d6 5. c3 g6 6. Nbd2 Bg7 7. Nf1 O-O 8. Ng3
a6 9. Ba4 b5 10. Bc2 d5 11. Bg5 h6 12. Bd2 dxe4 13. dxe4 Qd6 14. Qc1 h5 15. O-O
Nh7 16. h3 Bb7 17. Rd1 Qe7 18. a4 Rfb8 19. Nf1 Na5 20. Ne3 c5 21. b4 cxb4 22.
cxb4 Nc4 23. Nxc4 bxc4 24. Bc3 f6 25. Nd2 Bh6 26. Qb2 Bxd2 27. Bxd2 Bc8 28. Qc3
Be6 29. Rab1 Rb7 30. Be3 Nf8 31. Bc5 Qe8 32. Rd6 Nd7 33. Rbd1 a5 34. Qa3 Nxc5
35. bxc5 Rc7 36. Rb6 Rac8 37. Rdd6 Bf7 38. Qf3 Qe7 39. Rxf6 Kg7 40. Rfd6 Rxc5
41. Qg3 Qe8 42. Qg5 Kh7 43. f4 R5c6 44. f5 Rxb6 45. Rxb6 Rc6 46. fxg6+ Rxg6 47.
Qxh5+ Kg7 48. Rxg6+ Bxg6 49. Qg5 Qe6 50. Qd8 Bf7 51. Qxa5 Qd6 52. Kh2 Qd4 53.
Qc7 Kf6 54. a5 Qd2 55. Qb6+ Be6 56. Qb1 Qxa5 57. Qf1+ Ke7 58. Qe2 Qa1 59. h4
Qc1 60. Qf2 Qf4+ 61. Qxf4 exf4 62. e5 Bg4 63. g3 f3 64. Kg1 Ke6 65. Kf2 Kxe5
66. Ke3 c3 67. Bd3 Bf5 0-1

[Event "Benidorm op 21st"]
[Site "Benidorm"]
[Date "2008.04.30"]
[Round "6"]
[White "Libiszewski, Fabien"]
[Black "Levin, Felix"]
[Result "0-1"]
[WhiteElo "2465"]
[BlackElo "2546"]
[PlyCount "64"]
[EventDate "2008.04.25"]
[EventType "swiss"]
[EventRounds "10"]
[EventCountry "ESP"]
[SourceTitle "CBM 123 Extra"]
[Source "ChessBase"]
[SourceDate "2008.05.06"]
[SourceVersion "1"]
[SourceVersionDate "2008.05.06"]
[SourceQuality "1"]

1. e4 c6 2. d4 d5 3. exd5 cxd5 4. c4 e6 5. Nc3 Nf6 6. c5 Nc6 7. Nf3 Be7 8. Bg5
O-O 9. Bb5 Bd7 10. O-O h6 11. Bf4 Ne4 12. Rc1 Ng5 13. Ne5 Nxe5 14. Bxe5 Bxb5
15. Nxb5 Qd7 16. Nd6 Ne4 17. Nxe4 dxe4 18. Qc2 Qd5 19. Rfe1 f6 20. Bf4 f5 21.
c6 bxc6 22. Qxc6 Qxa2 23. Rc4 Bf6 24. b4 Rfe8 25. Rec1 Rad8 26. Bc7 Rc8 27. d5
exd5 28. Qxd5+ Kh8 29. Qxf5 Bg5 30. Qg6 Rf8 31. f4 exf3 32. gxf3 Qe2 0-1

[Event "Benidorm op 22nd"]
[Site "Benidorm"]
[Date "2009.04.30"]
[Round "7"]
[White "Levin, Felix"]
[Black "Vavrak, Peter"]
[Result "1-0"]
[WhiteElo "2526"]
[BlackElo "2487"]
[PlyCount "110"]
[EventDate "2009.04.24"]
[EventType "swiss"]
[EventRounds "10"]
[EventCountry "ESP"]
[SourceTitle "CBM 130 Extra"]
[Source "ChessBase"]
[SourceDate "2009.07.02"]
[SourceVersion "2"]
[SourceVersionDate "2009.07.15"]
[SourceQuality "1"]

1. Nf3 Nf6 2. c4 c5 3. Nc3 Nc6 4. d4 cxd4 5. Nxd4 Nxd4 6. Qxd4 g6 7. e4 d6 8.
Bg5 Bg7 9. Be2 O-O 10. Qd2 a5 11. Rd1 Be6 12. Qe3 Nd7 13. Na4 Rc8 14. b3 Nc5
15. Nxc5 Rxc5 16. O-O Qc7 17. Qd2 a4 18. Be3 Re5 19. f4 Ra5 20. Qb4 axb3 21.
axb3 Ra2 22. Bb6 Bc3 23. Qb5 Qc6 24. Bf3 Qxb5 25. cxb5 Bd7 26. Rf2 Rxf2 27.
Kxf2 Bxb5 28. e5 dxe5 29. fxe5 Bc6 30. Bxc6 bxc6 31. Bc5 Bxe5 32. Bxe7 Rb8 33.
Rd3 f5 34. h3 Kf7 35. Bc5 Ke6 36. b4 Ra8 37. Kf3 Ra2 38. Rd8 Ra3+ 39. Ke2 Rg3
40. Kf2 Rb3 41. Re8+ Kd5 42. Rd8+ Ke4 43. Re8 Rb2+ 44. Kf1 Kd5 45. Rd8+ Kc4 46.
Rc8 Kb5 47. Re8 Bg3 48. Rh8 h5 49. Rg8 Rb1+ 50. Ke2 Rb2+ 51. Kf1 Rb1+ 52. Ke2
h4 53. Rxg6 Rb2+ 54. Kf1 Rb1+ 55. Ke2 Rb2+ 1-0

[Event "NED-chT 1213"]
[Site "Netherlands"]
[Date "2013.04.20"]
[Round "9.2"]
[White "Werle, Jan"]
[Black "Levin, Felix"]
[Result "0-1"]
[WhiteElo "2533"]
[BlackElo "2520"]
[PlyCount "48"]
[EventDate "2012.09.15"]
[EventType "team-tourn"]
[EventRounds "9"]
[EventCountry "NED"]
[SourceTitle "EXT 2014"]
[Source "ChessBase"]
[SourceDate "2013.11.20"]
[SourceVersion "1"]
[SourceVersionDate "2013.11.20"]
[SourceQuality "1"]
[WhiteTeam "Groningen"]
[BlackTeam "Voerendaal"]
[WhiteTeamCountry "NED"]
[BlackTeamCountry "NED"]

1. d4 d5 2. c4 c6 3. Nc3 Nf6 4. Nf3 dxc4 5. a4 e6 6. e3 c5 7. Bxc4 Nc6 8. O-O
cxd4 9. exd4 Be7 10. Qe2 O-O 11. Rd1 Nd5 12. Ba2 Ncb4 13. Bb1 Bd7 14. Ne5 Rc8
15. Bd2 Be8 16. Ne4 Nc2 17. Ra2 Ndb4 18. Bxb4 Nxb4 19. Ra3 f5 20. Nc5 Bxc5 21.
dxc5 Qe7 22. Qc4 a5 23. Rd6 Nd5 24. Ba2 b6 0-1

[Event "BEL-chT 1718"]
[Site "Belgium"]
[Date "2017.10.22"]
[Round "3.2"]
[White "Levin, Felix"]
[Black "Van den Doel, Erik"]
[Result "1-0"]
[WhiteElo "2474"]
[BlackElo "2591"]
[PlyCount "103"]
[EventDate "2017.09.24"]
[EventType "team-tourn"]
[EventRounds "11"]
[EventCountry "BEL"]
[SourceTitle "EXT 2019"]
[Source "ChessBase"]
[SourceDate "2018.10.10"]
[SourceVersion "1"]
[SourceVersionDate "2018.10.10"]
[SourceQuality "1"]
[WhiteTeam "KSK Rochade"]
[BlackTeam "Wirtzfeld"]
[WhiteTeamCountry "BEL"]
[BlackTeamCountry "BEL"]

1. Nf3 d5 2. d4 Nf6 3. c4 dxc4 4. e3 Bg4 5. Bxc4 e6 6. h3 Bh5 7. Nc3 Nbd7 8.
O-O Bb4 9. Bd2 c5 10. a3 cxd4 11. axb4 dxc3 12. Bxc3 O-O 13. b5 Qe7 14. Be2 Ne4
15. Ba5 Rfc8 16. Ra4 Ndf6 17. g4 Bg6 18. Ne5 Qe8 19. h4 b6 20. Be1 Rd8 21. Qc1
Nc5 22. Ra3 Be4 23. b4 Ncd7 24. Nc6 Rdc8 25. f3 Bxc6 26. bxc6 Nf8 27. b5 a5 28.
e4 Qe7 29. Qe3 e5 30. Bg3 Ng6 31. Ra2 Qc7 32. Bc4 Rd8 33. Qc3 h6 34. Kh2 Nf4
35. Rff2 g5 36. Rfd2 Kg7 37. Rxd8 Rxd8 38. Rd2 Ne8 39. Rxd8 Qxd8 40. Bf2 Kf6
41. Bd5 a4 42. Qc4 a3 43. Qb3 Nxd5 44. exd5 Nc7 45. Bxb6 Qxd5 46. hxg5+ hxg5
47. Qxa3 Qxb5 48. Qd6+ Ne6 49. c7 Kg7 50. c8=Q Qe2+ 51. Kg3 Nf4 52. Qcf8+ 1-0

[Event "Fagernes GM"]
[Site "Fagernes"]
[Date "2019.04.17"]
[Round "5"]
[White "Rozentalis, Eduardas"]
[Black "Levin, Felix"]
[Result "0-1"]
[WhiteElo "2568"]
[BlackElo "2476"]
[PlyCount "48"]
[EventDate "2019.04.14"]
[EventType "tourn"]
[EventRounds "9"]
[EventCountry "NOR"]
[EventCategory "7"]
[SourceTitle "CBM 189 Extra"]
[Source "ChessBase"]
[SourceDate "2019.06.03"]
[SourceVersion "1"]
[SourceVersionDate "2019.06.03"]
[SourceQuality "1"]

1. e4 e5 2. Nc3 Nf6 3. g3 d5 4. exd5 Nxd5 5. Nf3 Nxc3 6. bxc3 Nc6 7. Bg2 Bc5 8.
O-O O-O 9. Re1 Bg4 10. h3 Bh5 11. Qe2 Bd6 12. Rb1 Rb8 13. d3 f5 14. Qf1 Kh8 15.
Nd2 e4 16. dxe4 f4 17. g4 Bf7 18. e5 Nxe5 19. Be4 f3 20. Rb5 c5 21. Rxb7 Qf6
22. Rxb8 Bxb8 23. Qb5 Qd6 24. Kf1 Qh6 0-1